000 01210nam a2200349 i 4500
003 EG-GICUC
005 20260218115557.0
008 260218s2005 ne |fr|||| 001 0 eng d
020 _a9067041963
040 _aEG-GiCUC
_beng
_cEG-GiCUC
_dEG-GiCUC
_erda
041 0 _aeng
082 0 4 _221
_a341.77
_bWE . P
092 0 4 _221
099 _aLaw1 11 341.77 WE . P 2005
100 1 _aWerle, Gerhard
_eAuthor.
245 1 0 _aPrinciples of International Criminal Law by Gerhard Werle /
_cby Gerhard Werle; in cooperation with Florian Jessberger, Wulf Burchards, Volker Nerlich, Belinda Cooper.
264 3 _aThe hague:
_bT.M.C Asser Press,
_c2005.
300 _a485 pages,
_c24 cm
336 _2rda content
_atext
337 _2rda media
_aComputer
338 _2rda carrier
_aOnline Resource
504 _aBibliography: pages 200-250.
546 _aText in English
650 1 4 _aPublic international law
700 1 _aCooper, Belinda
_eContributor
700 1 _aNerlich, Volker
_eContributor
700 1 _aBurchards, Wulf
_eContributor
700 1 _aJessberger, Florian
_eContributor
856 4 0 _uhttps://fll.law.cu.edu.eg/fulltext/bks/B11-08070.pdf
905 _a48
942 _2ddc
_cBK
_e21
_n0
999 _c63534
_d63534